| 000 | 00884nam a22002177a 4500 | ||
|---|---|---|---|
| 999 |
_c2030 _d2030 |
||
| 003 | AR-CdUCM | ||
| 008 | 190228b ||||| |||| 00| 0 spa d | ||
| 020 | _a0862100003 | ||
| 040 |
_aMUNICIPALIDAD PROVINCIAL DEL CUSCO _cBIBLIOTECA MUNICIPAL DEL CUSCO |
||
| 082 |
_a344.311 / _bP41 |
||
| 245 |
_aLa Pena de Muerte : _bInforme de Amnistía Internacional / |
||
| 260 |
_aLondres : _bAmnistía Internacional, _c1979. |
||
| 300 |
_a240 páginas ; _bfotografías, cuadro, _c23 cm. |
||
| 440 |
_aPublicaciones Amnistía Internacional _97362 |
||
| 505 | _aContenido: En favor de la abolición -- La pena de muerte y el derecho internacional -- La pena de muerte: Estudio por países -- Homicidios cometidos o tolerados por el Gobierno. | ||
| 650 |
_aPena de muerte _97363 |
||
| 650 |
_aDerechos humanos _93264 |
||
| 650 |
_aPresos políticos _97364 |
||
| 942 |
_2ddc _cLIBROS |
||
| 945 | _aachl | ||